• 首页
  • 本馆介绍
  • 公告通知
  • 最新文献
  • 馆藏检索
  • 电子资源
  • 读者导购
  • 参考咨询
  • 我的图书馆
  • 登录
  • 详细信息显示
  • 放入我的书架
  • 预约/预借图书
  • 作者相关作品
  • 分类相关作品
  • 丛书相关作品
  • 出版社相关作品

书目信息

  • 表格格式
  • 工作单格式
  • 卡片格式
题名:
珠江三角洲经济结构的特点与教育供给的调节
    
 
作者: 唐晓鸣 著
分册:  
出版信息: 北京   光明日报出版社  2012
页数: 138页
开本: 24cm
丛书名:
单 册:
中图分类: F127.65 , G527.65
科图分类:
主题词: 经济结构 , 教育经济 , 供给量
电子资源:
ISBN: 978-7-5112-2018-9
000 01088nam0 22003011 450
001 523
005 20140908162257.93
010    @a978-7-5112-2018-9@dCNY35.00
100    @a20120613d2012 em y0chiy50 ea
101 0  @achi
102    @aCN@b110000
105    @ay z 000yy
106    @ar
200 1  @a珠江三角洲经济结构的特点与教育供给的调节@AZhu Jiang San Jiao Zhou Jing Ji Jie Gou De Te Dian Yu Jiao Yu Gong Gei De Tiao Jie@f唐晓鸣著@FTang Xiao Ming Zhu
210    @a北京@c光明日报出版社@d2012
215    @a138页@d24cm
300    @a当代中国学术文库
330    @a本书内容包括:珠江三角洲经济发展的概况与展望、珠江三角洲产业结构的特点及其对人才的需求、珠江三角洲及周边地区教育发展的概况、泛珠江三角洲地区教育供给不足的原因及其改善策略等。
606 0  @a经济结构
606 0  @a教育经济
606 0  @a供给量
607    @a珠江三角洲@x经济结构@x关系@x教育经济@x供给量@x研究
607    @a珠江三角洲
690    @aF127.65@v5
690    @aG527.65@v5
701  0 @a唐晓鸣@ATang Xiao Ming@c(副研究员)@4著
801  0 @aCN@bTANGWEI@c20140603
905    @b0836850-52@dF127.65@e232@f3
    
    珠江三角洲经济结构的特点与教育供给的调节/唐晓鸣著.-北京:光明日报出版社,2012
    138页;24cm
    当代中国学术文库
    
    ISBN 978-7-5112-2018-9:CNY35.00
    本书内容包括:珠江三角洲经济发展的概况与展望、珠江三角洲产业结构的特点及其对人才的需求、珠江三角洲及周边地区教育发展的概况、泛珠江三角洲地区教育供给不足的原因及其改善策略等。
●
相关链接 在E读中查询图书 在五车中查询图书 在当当中查询图书 在豆瓣中查询图书


正题名:珠江三角洲经济结构的特点与教育供给的调节     索取号:F127.65/232         预约/预借

序号 登录号 条形码 馆藏地/架位号 状态 备注
1 0836850   208368504   第一样本阅览室/ [索取号:F127.65/232] 在馆    
2 0836851   208368513   第一借阅区/ [索取号:F127.65/232] 在馆    
3 0836852   208368522   密集书库-海洋学院/ [索取号:F127.65/232] 在馆    
唐山师范学院图书馆 欢迎您!
大连网信软件有限公司© 版权所有